| 000 | 00488nam a2200157 a 4500 | ||
|---|---|---|---|
| 001 | 5168 | ||
| 003 | CDMR | ||
| 005 | 20131007172018.0 | ||
| 008 | 130130s1986||||||||||||||||||||||||||||d | ||
| 020 | _a8450542235 | ||
| 040 |
_aCDMR _bcat _cCPC LLEIDA |
||
| 110 | 1 |
_9628 _aBarcelona _b-- Diputació |
|
| 245 | 0 |
_aLlibre del cens de la premsa local i comarcal 1985 _bGabinet de Premsa amb l'assessorament de Jaume Guillamet |
|
| 260 |
_aBarcelona _c1986 _bDiputació de Barcelona. |
||
| 942 |
_cMON _2ddc |
||
| 999 |
_c5168 _d5168 |
||